000 00407ntaaa2200169 4500
003 01
005 20251027203126.0
008 0714s1973 ag 01
040 _aAR-BaBN
_bspa
_cAR-BaBN
_eaacr
_dRIC
082 _a783.9520 J96
245 _aCorazon y voz, No. 4
250 _a1 ed.
260 _aBuenos Aires :
_bJunta Bautista de Publicaciones,
_c1973
300 _an.f.
650 _aHimnario
942 _cBK
999 _c26704
_d26704